[Event "Rutas de Cuenca op 6th"]
[Site "Cuenca"]
[Date "2019.07.21"]
[Round "7"]
[White "Otero Gumiel, Monica"]
[Black "Loro Garcia De Leon, Jose Juan"]
[Result "1-0"]
[WhiteElo "1164"]
[BlackElo "1274"]
[PlyCount "55"]
[EventDate "2019.07.19"]
[EventType "swiss"]
[EventRounds "7"]
[EventCountry "ESP"]
[SourceTitle "CBM 195 Extra"]
[Source "ChessBase"]
[SourceDate "2020.05.31"]
[SourceVersion "1"]
[SourceVersionDate "2020.05.31"]
[SourceQuality "1"]

1. e4 c5 2. Nc3 g6 3. f4 Bg7 4. Nf3 d6 5. Bc4 Bxc3 6. bxc3 Bg4 7. 0-0 Nc6 8. Qe1 Bxf3 9. Rxf3 e5 10. Bb3 f6 11. d3 Qb6 12. Be3 0-0-0 13. Rd1 Kb8 14. Qg3 Nge7 15. fxe5 fxe5 16. Kh1 Rdf8 17. Rdf1 Rxf3 18. Qxf3 a5 19. Qf6 Qc7 20. Qxh8+ Ka7 21. d4 cxd4 22. cxd4 exd4 23. Bxd4+ b6 24. Rf7 Ka6 25. Bc4+ b5 26. Qa8+ Na7 27. Bxa7 bxc4 28. Bb8+ 1-0